<?xml version="1.0" encoding="UTF-8"?>
<collection xmlns:xsi="http://www.w3.org/2001/XMLSchema-instance" xsi:schemaLocation="http://www.loc.gov/MARC21/slim http://www.loc.gov/standards/marcxml/schema/MARC21slim.xsd" xmlns="http://www.loc.gov/MARC21/slim">
 <record>
  <leader>00000cam a22000003i 4500</leader>
  <controlfield tag="001">UP-1685594773862137240</controlfield>
  <controlfield tag="003">Buklod</controlfield>
  <controlfield tag="005">20181006093853.0</controlfield>
  <controlfield tag="006">g||| |     ||   ||</controlfield>
  <controlfield tag="007">ta</controlfield>
  <controlfield tag="008">181006s2007    xx a    rb   |||1 u|eng d</controlfield>
  <datafield tag="020" ind1=" " ind2=" ">
   <subfield code="a">9718567593</subfield>
  </datafield>
  <datafield tag="020" ind1=" " ind2=" ">
   <subfield code="a">9789718567593</subfield>
  </datafield>
  <datafield tag="035" ind1=" " ind2=" ">
   <subfield code="a">(iLib)UPBAG-00031705093</subfield>
  </datafield>
  <datafield tag="040" ind1=" " ind2=" ">
   <subfield code="a">DML</subfield>
   <subfield code="d">BAG</subfield>
   <subfield code="e">rda</subfield>
  </datafield>
  <datafield tag="041" ind1="0" ind2=" ">
   <subfield code="a">eng</subfield>
  </datafield>
  <datafield tag="090" ind1=" " ind2="0">
   <subfield code="a">HD 2769.2 P6</subfield>
   <subfield code="b">W49 2007</subfield>
  </datafield>
  <datafield tag="245" ind1="0" ind2="0">
   <subfield code="a">What they contribute</subfield>
   <subfield code="b">case studies on the impact of nonprofit organizations</subfield>
   <subfield code="c">edited by Ledivina V. Cariño and Dolores D. Gaffud.</subfield>
  </datafield>
  <datafield tag="264" ind1=" " ind2="1">
   <subfield code="a">Quezon City</subfield>
   <subfield code="b">Center for Leadership, Citizenship and Democracy, National College of Public Administration and Governance, University of the Philippines</subfield>
   <subfield code="c">2007.</subfield>
  </datafield>
  <datafield tag="300" ind1=" " ind2=" ">
   <subfield code="a">xvi, 353 pages</subfield>
   <subfield code="b">illustrations</subfield>
   <subfield code="c">23 cm</subfield>
  </datafield>
  <datafield tag="336" ind1=" " ind2=" ">
   <subfield code="a">text</subfield>
   <subfield code="2">rdacontent</subfield>
  </datafield>
  <datafield tag="337" ind1=" " ind2=" ">
   <subfield code="a">unmediated</subfield>
   <subfield code="2">rdamedia</subfield>
  </datafield>
  <datafield tag="338" ind1=" " ind2=" ">
   <subfield code="a">volume</subfield>
   <subfield code="2">rdacarrier</subfield>
  </datafield>
  <datafield tag="504" ind1=" " ind2=" ">
   <subfield code="a">Includes bibliographical references and index.</subfield>
  </datafield>
  <datafield tag="505" ind1="0" ind2=" ">
   <subfield code="a">Nine nonprofit organizations : an introduction / Ledivina V. Cariño -- Creating a social development conglomerate : the case of the Ramon Aboitiz Foundation / Ramon L. Fernan III -- Knowledge Channel program package : utilizing media, particularly television, to help the state improve the quality of education in public schools / Alessandra Marie C. Jalandoni -- The Philippine Educational Theater Association : nonprofit in cultural work / Ma. Olivia Z. Domingo and Vincent Q. Silarde -- Putting people at the center of development : the Surigao City Primary Health Care Federated Women's Club / Eden Valmonte-Santiago -- Kapwa Ko, Mahal Ko / Erwin Alampay and Ronald Ong -- &quot;Ruined for Life:&quot; the case of the JVP Foundation Inc. / Ramon L. Fernan III -- We never thought we were volunteers : an insider's view of volunteerism in arts research and training institute in Southern Tagalog / Ricamela Saturay-Palis -- Among the alternatives : the People's Center for Progressive Media in Southern Tagalog / Vincent Quintos Silarde -- Fiestas / Dolores D. Gaffud, Kristine C. Follosco and Vincent Q. Silarde -- What they contribute : the impacts of the organizations / Ledivina V. Cariño.</subfield>
  </datafield>
  <datafield tag="520" ind1=" " ind2=" ">
   <subfield code="a">&quot;This book is a collection of case studies on nine nonprofit organizations in the Philippines. As a very small sample of an estimated half million organizations in the country, they cannot claim to be representative. Nevertheless, they offer a glimpse of the complexity of present-day civil society and can give insights on what the sector can contribute to state and society as they perform their various activities and programs.&quot;--Introduction.</subfield>
  </datafield>
  <datafield tag="650" ind1=" " ind2="0">
   <subfield code="a">Nonprofit organizations</subfield>
   <subfield code="z">Philippines</subfield>
   <subfield code="v">Case studies.</subfield>
  </datafield>
  <datafield tag="650" ind1=" " ind2="0">
   <subfield code="a">Nonprofit organizations</subfield>
   <subfield code="z">Philippines</subfield>
   <subfield code="x">History.</subfield>
  </datafield>
  <datafield tag="700" ind1="1" ind2=" ">
   <subfield code="a">Carino, Ledivina V.</subfield>
   <subfield code="e">editor.</subfield>
  </datafield>
  <datafield tag="700" ind1="1" ind2=" ">
   <subfield code="a">Gaffud, Dolores D.</subfield>
   <subfield code="e">editor.</subfield>
  </datafield>
  <datafield tag="905" ind1=" " ind2=" ">
   <subfield code="a">FI</subfield>
  </datafield>
  <datafield tag="852" ind1="0" ind2=" ">
   <subfield code="a">UPBAG</subfield>
   <subfield code="b">UPBAG-MAIN</subfield>
   <subfield code="h">HD 2769.2 P6 W49 2007</subfield>
  </datafield>
  <datafield tag="942" ind1=" " ind2=" ">
   <subfield code="a">Book</subfield>
  </datafield>
 </record>
</collection>
